Samoa Trivia Quiz - Statistieken

Algemene statistieken
  • Deze quiz is 245 keer genomen
  • De gemiddelde score is 12 van 19
Antwoordstatistieken
Hint Antwoord % Correct
Officiële talen Engels
94%
Land dat nog steeds het oostelijke deel van de Samoa-eilanden regeert Verenigde Staten
86%
Oceanische regio waar Samoa deel van uitmaakt {Poly}nesië
85%
Naam van Samoa vóór 1997, wat de landcode 'ws' verklaart {West}-Samoa
85%
Meest populaire sport Rugby
77%
Hoofdstad Apia
75%
Tot 2009 deed Samoa dit aan de rechterkant, maar nu aan de linkerkant Autorijden
75%
98% van de Samoanen beoefent deze religie Christendom
72%
Land waarvan Samoa in 1962 onafhankelijk werd Nieuw-Zeeland
72%
22% van de bevolking van Samoa stierf door deze pandemie in 1918-1919, waardoor het mogelijk het zwaarst getroffen land ter wereld is Spaanse griep
71%
Land dat Samoa regeerde van 1900 tot 1914 Duitsland
70%
Officiële talen Samoaans
63%
Traditioneel hebben veel Samoanen dit op hun lichaam, dat bekend staat als pe'a (voor mannen) of mula (voor vrouwen) Tatoeages
62%
Traditionele Samoaanse huizen hebben dit niet Muren
38%
Sterrenbeeld afgebeeld op de vlag Zuiderkruis
38%
30 december 2011 heeft nooit bestaan in Samoa toen het land overstapte naar de andere kant van deze denkbeeldige lijn Internationale datumgrens
34%
Schotse auteur van "Schateiland" die in Samoa woonde Robert Louis Stevenson
30%
Noem een van de twee belangrijkste eilanden van Samoa Savai'i / Upolu
26%
Kopra is het gedroogde vlees van deze tropische plant Kokosnoot
25%
Geen overeenkomende quizzen gevonden
Scoreverdeling
Procent van Mensen met Elke Score
Percentiel versus Aantal Correcte Antwoorden
Uw Scoregeschiedenis
U heeft deze quiz nog niet genomen